| Tag |
First Indicator |
Second Indicator |
Subfields |
| LEADER |
00000cam a2200000 4500 |
| 001 |
in00000039978 |
| 005 |
20151007070446.0 |
| 008 |
800530m19521957fr a 00010 fre d |
| 035 |
|
|
|a (OCoLC)06372249
|
| 035 |
|
|
|9 AAE4059AM
|
| 040 |
|
|
|a TXA
|c TXA
|d UtOrBLW
|
| 049 |
|
|
|a TXAM
|v 1 [303011]
|v 2 [302997]
|v 3 [302998]
|
| 090 |
|
|
|a QD171
|b .C67 1952
|
| 092 |
|
|
|a 546
|b C781c, 1952
|
| 100 |
1 |
|
|a Copaux, Hippolyte Eugene,
|d 1872-
|
| 245 |
1 |
0 |
|a Chimie minerale ;
|b description des elements chimiques et de leurs proprietes /
|c par H. Copaux ... [et] H. Perperot ...
|
| 264 |
|
1 |
|a Paris :
|b Armand Colin,
|c 1952-57.
|
| 300 |
|
|
|a 3 volumes :
|b illustrations, diagrams ;
|c 18 cm.
|
| 336 |
|
|
|a text
|b txt
|2 rdacontent
|
| 337 |
|
|
|a unmediated
|b n
|2 rdamedia
|
| 338 |
|
|
|a volume
|b nc
|2 rdacarrier
|
| 490 |
0 |
|
|a Collection Armand Colin (section de chimie) no 41-43
|
| 500 |
|
|
|a 6. edition.
|
| 650 |
|
0 |
|a Chemistry, Inorganic.
|
| 700 |
1 |
|
|a Perperot, H.
|
| 999 |
|
|
|a MARS
|
| 999 |
f |
f |
|s 1bbbc43a-ea46-38ec-b400-94d36fc822d0
|i 60b09888-9512-3e66-92d3-c4ea600a9493
|t 0
|
| 952 |
f |
f |
|p ric
|a Texas A&M University
|b Rellis Campus
|c Joint Library Facility
|d Remote Storage
|t 0
|e QD171 .C67 1952
|h Library of Congress classification
|i unmediated -- volume
|k v.2
|m A14800941368
|
| 952 |
f |
f |
|p ric
|a Texas A&M University
|b Rellis Campus
|c Joint Library Facility
|d Remote Storage
|t 0
|e QD171 .C67 1952
|h Library of Congress classification
|i unmediated -- volume
|k v.1
|m A14800941350
|
| 952 |
f |
f |
|p ric
|a Texas A&M University
|b Rellis Campus
|c Joint Library Facility
|d Remote Storage
|t 0
|e QD171 .C67 1952
|h Library of Congress classification
|i unmediated -- volume
|k v.3
|m A14800941376
|
| 998 |
f |
f |
|a QD171 .C67 1952
|s v.1-3
|t 0
|l Remote Storage
|